00333nam a2200109 a 450000500170000000800410001702000220005805000220008010000160010224500550011826000500017320140414132107.0100906s19uu xx 00 eng d a978-1-4003-1048-7 aM 398.2bL96 1992 aLucado, Max aChildren's treasury :ba child's first collection. aNashville, Tennessee :bThomas Nelson,c1992.